[Event "NRW Class2 0708"]
[Site "Germany"]
[Date "2008.03.02"]
[Round "7.6"]
[White "Marquardt, Benedikt"]
[Black "Novikov, Sergey"]
[Result "0-1"]
[WhiteElo "2113"]
[BlackElo "2248"]
[PlyCount "68"]
[EventDate "2007.09.16"]
[EventType "team-tourn"]
[EventRounds "9"]
[EventCountry "GER"]
[SourceTitle "EXT 2009"]
[Source "ChessBase"]
[SourceDate "2008.11.26"]
[SourceVersion "1"]
[SourceVersionDate "2008.11.26"]
[SourceQuality "1"]
[WhiteTeam "Solingen III"]
[BlackTeam "Niederkassel"]
[WhiteTeamCountry "GER"]
[BlackTeamCountry "GER"]

1. d4 Nf6 2. c4 g6 3. Nc3 Bg7 4. e4 0-0 5. Nf3 d6 6. Be2 e5 7. 0-0 Nc6 8. d5 Ne7 9. Ne1 a5 10. Nd3 Ne8 11. Be3 c5 12. a3 b6 13. b4 f5 14. f3 f4 15. Bf2 g5 16. Rb1 axb4 17. axb4 Ng6 18. Qb3 g4 19. bxc5 g3 20. Be1 Qh4 21. h3 Bxh3 22. gxh3 Qxh3 23. Rf2 gxf2+ 24. Bxf2 bxc5 25. Ne1 Nh4 26. Bxh4 Qxh4 27. Bf1 Bf6 28. Qb7 Ra3 29. Ne2 Kh8 30. Ng2 Rg8 31. Qf7 Qg5 32. Kf2 Qg6 33. Qe6 Ra2 34. Rb8 Qg3+ 0-1

[Event "NRW Class2 0708"]
[Site "Germany"]
[Date "2008.02.10"]
[Round "6.5"]
[White "Marquardt, Benedikt"]
[Black "Muhren, Willem"]
[Result "0-1"]
[WhiteElo "2113"]
[BlackElo "2265"]
[PlyCount "104"]
[EventDate "2007.09.16"]
[EventType "team-tourn"]
[EventRounds "9"]
[EventCountry "GER"]
[SourceTitle "EXT 2009"]
[Source "ChessBase"]
[SourceDate "2008.11.26"]
[SourceVersion "1"]
[SourceVersionDate "2008.11.26"]
[SourceQuality "1"]
[WhiteTeam "Solingen III"]
[BlackTeam "Emsdetten II"]
[WhiteTeamCountry "GER"]
[BlackTeamCountry "GER"]

1. d4 Nf6 2. c4 g6 3. Nc3 Bg7 4. e4 d6 5. Nf3 0-0 6. Be2 e5 7. 0-0 Na6 8. Be3 Ng4 9. Bg5 f6 10. Bc1 Nh6 11. dxe5 dxe5 12. h3 Nf7 13. Be3 c6 14. a3 Qe7 15. b4 f5 16. Qc2 f4 17. Bc1 Nc7 18. Bb2 Ne6 19. Na4 Neg5 20. Nh2 h5 21. Bf3 Nxf3+ 22. Nxf3 g5 23. Rfd1 g4 24. hxg4 hxg4 25. Ne1 Ng5 26. Nc3 Rf6 27. Rd3 Be6 28. Rad1 Rh6 29. c5 Nf7 30. f3 g3 31. Kf1 Bc4 32. Ke2 Rh2 33. Kd2 Bxd3 34. Kxd3 Rd8+ 35. Ke2 Ng5 36. Qb3+ Kh7 37. Nb1 Rxd1 38. Qxd1 Rh1 39. Qd3 Qe6 40. Nd2 Bf6 41. Nc4 Kg6 42. Nd6 b6 43. Qc2 Nf7 44. Nf5 Qa2 45. b5 cxb5 46. c6 Qc4+ 47. Qxc4 bxc4 48. c7 Rh8 49. Bxe5 Bxe5 50. Ne7+ Kf6 51. c8Q Rxc8 52. Nxc8 Bb8 0-1

[Event "NRW Class2 0708"]
[Site "Germany"]
[Date "2007.12.09"]
[Round "4.7"]
[White "Marquardt, Benedikt"]
[Black "Kebbekus, Thomas"]
[Result "1-0"]
[WhiteElo "2113"]
[BlackElo "2212"]
[PlyCount "75"]
[EventDate "2007.09.16"]
[EventType "team-tourn"]
[EventRounds "9"]
[EventCountry "GER"]
[SourceTitle "EXT 2009"]
[Source "ChessBase"]
[SourceDate "2008.11.26"]
[SourceVersion "1"]
[SourceVersionDate "2008.11.26"]
[SourceQuality "1"]
[WhiteTeam "Solingen III"]
[BlackTeam "Hagen"]
[WhiteTeamCountry "GER"]
[BlackTeamCountry "GER"]

1. d4 Nf6 2. c4 e5 3. dxe5 Ng4 4. Bf4 Nc6 5. Nf3 Bb4+ 6. Nbd2 Qe7 7. a3 Ngxe5 8. Nxe5 Nxe5 9. e3 Bxd2+ 10. Qxd2 d6 11. Qc3 f6 12. Rc1 b6 13. b4 Nd7 14. c5 bxc5 15. Bb5 Bb7 16. bxc5 Bxg2 17. cxd6 cxd6 18. Rg1 Be4 19. Qc7 g5 20. Bxd6 Qe6 21. Rc5 Rd8 22. Rgxg5 a6 23. Ba4 Kf7 24. Rg3 Bd3 25. Rc3 Rc8 26. Bb3 Rxc7 27. Bxe6+ Kxe6 28. Bxc7 Bb5 29. Rg7 h5 30. h4 Kf5 31. f3 Ke6 32. Kf2 f5 33. Rg6+ Nf6 34. Rc5 Kf7 35. Rg5 Bd7 36. Be5 Rh6 37. Rc7 Ke6 38. Bxf6 1-0

[Event "NRW Class2 0708"]
[Site "Germany"]
[Date "2007.11.04"]
[Round "3.6"]
[White "Marquardt, Benedikt"]
[Black "Molinaroli, Martin"]
[Result "0-1"]
[WhiteElo "2113"]
[BlackElo "2260"]
[PlyCount "68"]
[EventDate "2007.09.16"]
[EventType "team-tourn"]
[EventRounds "9"]
[EventCountry "GER"]
[SourceTitle "EXT 2009"]
[Source "ChessBase"]
[SourceDate "2008.11.26"]
[SourceVersion "1"]
[SourceVersionDate "2008.11.26"]
[SourceQuality "1"]
[WhiteTeam "Solingen III"]
[BlackTeam "Muenster II"]
[WhiteTeamCountry "GER"]
[BlackTeamCountry "GER"]

1. d4 Nf6 2. c4 e6 3. Nf3 Bb4+ 4. Bd2 Qe7 5. Qc2 Bxd2+ 6. Nbxd2 Nc6 7. g3 d6 8. Bg2 0-0 9. 0-0 e5 10. e3 a5 11. a3 h6 12. d5 Nb8 13. b4 Na6 14. Rab1 Bd7 15. Ne1 axb4 16. axb4 Rfc8 17. Ne4 Nxe4 18. Bxe4 c6 19. Qd3 c5 20. b5 Nb4 21. Qb3 f5 22. Bg2 e4 23. Nc2 Nd3 24. f4 Qf6 25. Ra1 Be8 26. b6 Qb2 27. Qxb2 Nxb2 28. Na3 Ra6 29. Rfb1 Rxb6 30. Nb5 Nxc4 31. Na7 Ra8 32. Rxb6 Nxb6 33. Rb1 Nxd5 34. Rxb7 Nxe3 0-1

[Event "Dortmund op-A"]
[Site "Dortmund"]
[Date "2007.06.30"]
[Round "8"]
[White "Marquardt, Benedikt"]
[Black "Gutman, Lev"]
[Result "0-1"]
[WhiteElo "2103"]
[BlackElo "2444"]
[PlyCount "74"]
[EventDate "2007.06.22"]
[EventType "swiss"]
[EventRounds "9"]
[EventCountry "GER"]
[SourceTitle "EXT 2008"]
[Source "ChessBase"]
[SourceDate "2007.11.25"]
[SourceVersion "1"]
[SourceVersionDate "2007.11.25"]
[SourceQuality "1"]

1. d4 Nf6 2. c4 g6 3. Nc3 d5 4. cxd5 Nxd5 5. e4 Nxc3 6. bxc3 Bg7 7. Bc4 c5 8. Ne2 0-0 9. 0-0 Nc6 10. Be3 cxd4 11. cxd4 Na5 12. Bd3 b6 13. e5 Bb7 14. Ng3 Rc8 15. Qe2 f5 16. f4 e6 17. Rac1 Rf7 18. Rxc8 Qxc8 19. Rc1 Rc7 20. Rxc7 Qxc7 21. Bd2 Nc6 22. Qf2 Bf8 23. Ne2 Nb4 24. Bxb4 Bxb4 25. Qf1 Qc6 26. Kf2 Qd5 27. Bb1 Bd2 28. Kg3 Be3 29. h3 Kg7 30. h4 b5 31. Kh3 b4 32. h5 b3 33. axb3 Qxb3 34. Kh2 Ba6 35. h6+ Kf7 36. Bxf5 Bxe2 37. Bxg6+ Kxg6 0-1

[Event "Dortmund op-A"]
[Site "Dortmund"]
[Date "2007.06.29"]
[Round "7"]
[White "Kunz, Konstantin"]
[Black "Marquardt, Benedikt"]
[Result "0-1"]
[WhiteElo "2178"]
[BlackElo "2103"]
[PlyCount "88"]
[EventDate "2007.06.22"]
[EventType "swiss"]
[EventRounds "9"]
[EventCountry "GER"]
[SourceTitle "EXT 2008"]
[Source "ChessBase"]
[SourceDate "2007.11.25"]
[SourceVersion "1"]
[SourceVersionDate "2007.11.25"]
[SourceQuality "1"]

1. d4 Nf6 2. Nf3 g6 3. c4 Bg7 4. Nc3 0-0 5. e4 d6 6. h3 e5 7. d5 a5 8. g4 Na6 9. Bg5 Nc5 10. Nd2 c6 11. Be2 a4 12. b4 axb3 13. axb3 Rxa1 14. Qxa1 Qb6 15. 0-0 Na6 16. Qa3 c5 17. Na2 Nb4 18. Nxb4 cxb4 19. Qb2 Nd7 20. Bd3 f5 21. gxf5 gxf5 22. Kg2 Nc5 23. Qc2 f4 24. Be2 h6 25. Bh4 Bf6 26. Bxf6 Rxf6 27. Bg4 Rg6 28. Kf3 Bxg4+ 29. hxg4 Qd8 30. Qa2 Qh4 31. Ke2 Qxg4+ 32. Nf3 Qd7 33. Nh4 f3+ 34. Ke1 Rg4 35. Nxf3 Rxe4+ 36. Kd1 Qf5 37. Nd2 Rd4 38. f3 Qd3 39. Qa8+ Kf7 40. Rf2 Qxb3+ 41. Ke2 Qd3+ 42. Kd1 Nb3 43. Qxb7+ Kf6 44. Qh7 Qxh7 0-1

[Event "NRW Class1 0607"]
[Site "Germany"]
[Date "2007.05.06"]
[Round "9.5"]
[White "Sarana Hungeling, Oksana"]
[Black "Marquardt, Benedikt"]
[Result "1-0"]
[WhiteElo "2281"]
[BlackElo "2063"]
[PlyCount "95"]
[EventDate "2006.09.17"]
[EventType "tourn"]
[EventRounds "9"]
[EventCountry "GER"]
[SourceTitle "EXT 2008"]
[Source "ChessBase"]
[SourceDate "2007.11.25"]
[SourceVersion "1"]
[SourceVersionDate "2007.11.25"]
[SourceQuality "1"]
[WhiteTeam "Emsdetten II"]
[BlackTeam "Solingen III"]
[WhiteTeamCountry "GER"]
[BlackTeamCountry "GER"]

1. d4 Nf6 2. c4 e6 3. Nc3 Bb4 4. Qc2 c5 5. dxc5 0-0 6. Nf3 Nc6 7. a3 Bxc5 8. e3 d5 9. b4 Be7 10. Bb2 dxc4 11. Bxc4 a6 12. 0-0 b5 13. Ba2 Bb7 14. Rac1 Qb6 15. Bb1 Rfd8 16. Ne4 Nxe4 17. Qxe4 g6 18. Qf4 Rd5 19. Be4 Rh5 20. g4 g5 21. Qg3 Rh6 22. Rc5 Bxc5 23. bxc5 Qd8 24. Bxc6 Bxc6 25. Qe5 Qf6 26. Qxf6 Rxf6 27. Bxf6 Bxf3 28. Bxg5 Rc8 29. Rc1 Rc6 30. h3 Kf8 31. Bf6 Ke8 32. Kh2 a5 33. Kg3 Bd5 34. Rd1 Rc8 35. Kf4 b4 36. axb4 axb4 37. e4 Ba2 38. c6 Bb3 39. Rd4 Ba4 40. c7 Bd7 41. Bd8 f6 42. Rxb4 e5+ 43. Kg3 Kf7 44. Rb6 Be6 45. Kh4 h5 46. Kxh5 Ra8 47. h4 Ra4 48. Rxe6 1-0

[Event "NRW Class1 0607"]
[Site "Germany"]
[Date "2006.09.17"]
[Round "1.7"]
[White "Marquardt, Benedikt"]
[Black "Pueplichhuisen, Anton"]
[Result "1-0"]
[WhiteElo "2063"]
[BlackElo "2142"]
[PlyCount "117"]
[EventDate "2006.09.17"]
[EventType "tourn"]
[EventRounds "9"]
[EventCountry "GER"]
[SourceTitle "EXT 2007"]
[Source "ChessBase"]
[SourceDate "2006.11.23"]
[SourceVersion "1"]
[SourceVersionDate "2006.11.23"]
[SourceQuality "1"]
[WhiteTeam "Solingen III"]
[BlackTeam "Gerling"]
[WhiteTeamCountry "GER"]
[BlackTeamCountry "GER"]

1. d4 Nf6 2. c4 d6 3. Nc3 c6 4. Nf3 Bg4 5. e4 Nbd7 6. Be3 e5 7. d5 cxd5 8. cxd5 Qa5 9. Qd2 Be7 10. Nb5 Qd8 11. Bd3 a6 12. Nc3 0-0 13. Ng1 Nc5 14. f3 Nxd3+ 15. Qxd3 Bd7 16. Nge2 Rc8 17. 0-0 b5 18. a4 b4 19. Nb1 a5 20. Nd2 Be8 21. Nc1 Nd7 22. Ncb3 Bg5 23. Bxg5 Qxg5 24. Rfc1 Rxc1+ 25. Rxc1 Nb6 26. Nc4 Nxc4 27. Qxc4 Bxa4 28. Nxa5 Qe3+ 29. Kh1 Qd2 30. b3 Bb5 31. Qc2 Qxc2 32. Rxc2 Ra8 33. g3 Kf8 34. Nc6 Ra1+ 35. Kg2 Rb1 36. Nxb4 Rxb3 37. Nc6 Rb1 38. Kf2 g6 39. Ke3 Re1+ 40. Kf2 Rf1+ 41. Kg2 Rb1 42. Na7 Bd7 43. Nc6 h5 44. f4 f6 45. fxe5 fxe5 46. Rf2+ Kg7 47. Nd8 Bb5 48. Ne6+ Kh6 49. h4 Kh7 50. Ng5+ Kg8 51. Rf6 Rb2+ 52. Kf3 Rb3+ 53. Kf2 Rb2+ 54. Ke1 Kg7 55. Rxd6 Rg2 56. Re6 Rxg3 57. Rxe5 Rg4 58. d6 Rxh4 59. Rxb5 1-0

[Event "Solingen op-A"]
[Site "Solingen"]
[Date "2005.05.26"]
[Round "2"]
[White "Marquardt, Benedikt"]
[Black "Kulik, David"]
[Result "0-1"]
[WhiteElo "1812"]
[BlackElo "2090"]
[PlyCount "88"]
[EventDate "2005.05.26"]
[EventType "swiss"]
[EventRounds "7"]
[EventCountry "GER"]
[SourceTitle "EXT 2006"]
[Source "ChessBase"]
[SourceDate "2005.11.24"]
[SourceVersion "1"]
[SourceVersionDate "2005.11.24"]
[SourceQuality "1"]

1. d4 d5 2. c4 e6 3. Nc3 Be7 4. Nf3 Nf6 5. Bg5 0-0 6. e3 Nbd7 7. Bd3 dxc4 8. Bxc4 a6 9. a4 c5 10. 0-0 cxd4 11. Nxd4 Qa5 12. Bh4 Ne5 13. Be2 Ng6 14. Bg3 e5 15. Nf3 Rd8 16. Qc2 Bd7 17. Bc4 Qb4 18. Qb3 Qxb3 19. Bxb3 Bd6 20. Rfd1 Bg4 21. Nd5 Ne4 22. Nb6 Rab8 23. Bd5 Nf6 24. e4 Bc5 25. Nc4 Bxf3 26. gxf3 Nxd5 27. exd5 f6 28. Rd3 Rbc8 29. Ne3 Ne7 30. Rad1 Bd6 31. b3 g5 32. Nc4 Rc7 33. h4 h6 34. hxg5 hxg5 35. a5 Nc8 36. Kf1 Kg7 37. Ke2 Rh8 38. R3d2 Re7 39. Ne3 Kg6 40. Rc2 f5 41. Rdc1 Ree8 42. Kd3 f4 43. Ng4 fxg3 44. fxg3 Ne7 0-1

[Event "Stuttgart-chB int"]
[Site "Ditzingen"]
[Date "2005.05.08"]
[Round "7"]
[White "Steil, Raymond"]
[Black "Marquardt, Benedikt"]
[Result "0-1"]
[WhiteElo "1599"]
[BlackElo "1863"]
[PlyCount "44"]
[EventDate "2005.05.05"]
[EventType "swiss"]
[EventRounds "7"]
[EventCountry "GER"]
[SourceTitle "EXT 2018"]
[Source "ChessBase"]
[SourceDate "2017.10.13"]
[SourceVersion "1"]
[SourceVersionDate "2017.10.13"]
[SourceQuality "1"]

1. d4 Nf6 2. c4 g6 3. Nc3 Bg7 4. e4 d6 5. f3 0-0 6. Be3 Nc6 7. Qd2 a6 8. Nge2 Rb8 9. Ng3 e5 10. d5 Ne7 11. Be2 Nd7 12. 0-0 f5 13. exf5 Nxf5 14. Nxf5 gxf5 15. Rad1 Nf6 16. Bh6 Rf7 17. Bxg7 Rxg7 18. Kh1 f4 19. Bd3 Nh5 20. Ne2 Qg5 21. Rg1 Qh4 22. Qe1 Ng3+ 0-1